000 01958nam a2200265 a 4500
001 000000834
005 20200929145423.0
008 090527s2001 sp c 000 0 spa d
020 _a8475560318
020 _a9788475560311
040 _aDO-SdBNP
_bspa
_cBNPHU
082 _aA863.44
_bC869j
100 1 _aCousté, Alberto
_92943
245 1 3 _aJulio Cortázar /
_cAlberto Cousté.
260 _aBarcelona :
_bOcéano,
_c2001.
300 _a222 p. :
_bretrs. ;
_c22 cm.
490 0 _aEl lector de...
490 0 _aEspecial
504 _aIncluye referencias bibliográficas
505 0 _aNota previa-- Los cortázares de Cortázar -- El escritor -- El hombre de andar por casa -- El hombre público -- Otra variante de lo mismo o para empezar a entendernos -- En el camino -- Del lado de allá -- Final del juego -- Una vida -- Los años argentinos: infancia y adolescencia -- Los años argentinos: la prolongada juventud (1935-1949) -- Los años de transición o el heterogéneo decenio de los cincuenta -- El tiempo cenital de los años sesenta -- El revolucionario conflictivo -- El maestro zen o de aquí a la eternidad -- Una obra -- Exploraciones a tiendas o del buceo como una de las bellas artes -- La gimnasia combinatoria -- En torno al Ecuador -- Nada es lo que parece -- Levitando por ahí -- Un testimonio: Paco Porrúa o esa forma de la alteridad -- El otro viajero de ida y vuelta -- Así que pasan veinte años -- Ahora aquí -- Antología -- Pameos y meopas -- Ceremonias -- Almanaques -- Cronología -- Bibliografía -- Obras de Julio Cortázar -- Obras sobre Julio Cortázar -- Apéndice -- A manera de conclusión o prólogo para un epílogo o una de tantas formas de recomenzar -- Julio Cortázar: la construcción de la figura.
600 1 4 _aCORTÁZAR, JULIO,
_d1914-1984
_xCRÍTICA E INTERPRETACIÓN
_92944
600 1 4 _aCORTÁZAR, JULIO,
_d1914-1984
_xCOLECCIONES
_92945
830 0 _aEl lector de...
_92946
830 0 _aEspecial
_92947
999 _c830
_d830